Statystyki dla Flagi państw, których nie ma na mapie

Kliknij tutaj aby rozwiązać quiz!

Ogólne statystyki

  • Ten quiz został rozwiązany 69 razy
  • Średni wynik to 5 z 10

Statystyki odpowiedzi

Odpowiedź% Poprawnych
Tajwan
95%
Turecka Republika Cypru Północnego
77%
Naddniestrze
66%
Abchazja
61%
Górski Karabach
52%
Osetia Południowa
48%
Sahara Zachodnia
46%
Somaliland
41%
Doniecka Republika Ludowa
28%
Ługańska Republika Ludowa
28%

Rozkład punktacji

Percentyl według liczby udzielonych odpowiedzi

Procent ludzi z każdym wynikiem

Twoja historia wyników

Nie rozwiązałeś tego quizu